La Justicia ante la violencia de género /
Guardado en:
| Hovedforfatter: | |
|---|---|
| Format: | Texto |
| Fag: | |
| Tags: |
Tilføj Tag
Ingen Tags, Vær først til at tagge denne postø!
|
MARC
| LEADER | 00000 a a2200000 04500 | ||
|---|---|---|---|
| 001 | 1159 | ||
| 003 | |||
| 040 | |||
| 100 | |a Varela, María José | ||
| 245 | |a La Justicia ante la violencia de género / |c María José Varela | ||
| 650 | |a MUJERES | ||
| 650 | |a DISCRIMINACION BASADA EN EL SEXO | ||
| 650 | |a DERECHOS DE LA MUJER | ||
| 650 | |a VIOLENCIA | ||
| 650 | |a JUSTICIA SOCIAL | ||
| 773 | |g número 11; páginas 73-89 | ||
| 999 | |c 23555 |d 23555 | ||
